| 000 | 01078cam a22003132 4500 | ||
|---|---|---|---|
| 999 |
_c4191 _d4191 |
||
| 003 | ALUPE UNIVERSITY COLLEGE | ||
| 005 | 20220318111425.0 | ||
| 008 | 760817s1972 ne a b 001 0 eng d | ||
| 020 | _a9021991632 | ||
| 040 | _cALUPE UNIVERSITY COLLEGE | ||
| 050 |
_aRC674 _b.T48 1972 |
||
| 090 |
_aRC674 _b.T48 1972 |
||
| 096 | _aWG 300 M528t 1972 | ||
| 245 | 0 | 0 |
_aTextbook of coronary care / _ceditors, Lawrence E. Meltzer, Arend J. Dunning. |
| 260 |
_aAmsterdam : _bExcerpta Medica, _c1972. |
||
| 300 |
_axviii, 820 p. : _bill. ; _c25 cm. |
||
| 500 | _aImprint covered by label: Charles Press Publishers, Bowie, Md. | ||
| 504 | _aIncludes bibliographies and index. | ||
| 650 | 0 |
_aCardiovascular system _xDiseases _xNursing |
|
| 650 | 0 | _aCoronary care units. | |
| 650 | 2 |
_aArrhythmia _xtherapy |
|
| 650 | 2 | _aCoronary Care Units | |
| 650 | 2 |
_aCoronary Disease _xtherapy |
|
| 650 | 2 |
_aMyocardial Infarction _xtherapy. |
|
| 700 | 1 | _aDunning, A. J. | |
| 700 | 1 | _aMeltzer, Lawrence E. | |
| 942 |
_2lcc _cBK _nPW |
||